000 01582nam a22003977a 4500
001 15349142
003 OSt
005 20210426063758.0
008 080630s2007 njua b 001 0 eng d
010 _a 2006933832
020 _a0691120668
020 _a9780691120669
035 _a(OCoLC)ocm84838564
040 _aUUM
_cUUM
_dIXA
_dYDXCP
_dBAKER
_dBTCTA
_dNLGGC
_dCDX
_dCE@
_dDLC
042 _alccopycat
050 0 0 _aHG8054.5
_b.G68 2007
080 _a33
_bG-69
082 0 4 _a330/.01/5195
_222
084 _a83.03
_2bcl
100 1 _aGourieroux, Christian,
_d1949-
245 1 4 _aThe econometrics of individual risk :
_bcredit, insurance, and marketing /
_cChristian Gourieroux, Joann Jasiak.
260 _aPrinceton, N.J. :
_bPrinceton University Press,
_cc2007.
300 _axii, 241 p. :
_bill. ;
_c25 cm.
504 _aIncludes bibliographical references and index.
650 0 _aRisk (Insurance)
650 0 _aBanks and banking
_xRisk management.
650 0 _aMarketing
_xRisk management.
653 _aეკონომიკა
700 1 _aJasiak, Joann,
_d1963-
856 4 2 _3Contributor biographical information
_uhttp://www.loc.gov/catdir/enhancements/fy0835/2006933832-b.html
856 4 2 _3Publisher description
_uhttp://www.loc.gov/catdir/enhancements/fy0835/2006933832-d.html
856 4 1 _3Table of contents only
_uhttp://www.loc.gov/catdir/enhancements/fy0835/2006933832-t.html
906 _a7
_bcbc
_ccopycat
_d2
_encip
_f20
_gy-gencatlg
942 _2udc
_cBK
999 _c1465
_d1465